MARC details
| 000 -LEADER |
| fixed length control field |
02374cam a2200613Ia 4500 |
| 001 - CONTROL NUMBER |
| control field |
ocm76935898 |
| 003 - CONTROL NUMBER IDENTIFIER |
| control field |
OCoLC |
| 005 - DATE AND TIME OF LATEST TRANSACTION |
| control field |
20100830043723.0 |
| 008 - FIXED-LENGTH DATA ELEMENTS--GENERAL INFORMATION |
| fixed length control field |
071015s2007 enk b 001 0 eng |
| 006 - FIXED-LENGTH DATA ELEMENTS--ADDITIONAL MATERIAL CHARACTERISTICS--GENERAL INFORMATION |
| fixed length control field |
m d |
| 007 - PHYSICAL DESCRIPTION FIXED FIELD--GENERAL INFORMATION |
| fixed length control field |
cr ||||||||||| |
| 010 ## - LIBRARY OF CONGRESS CONTROL NUMBER |
| LC control number |
2007310262 |
| 040 ## - CATALOGING SOURCE |
| Original cataloging agency |
Uk |
| Transcribing agency |
UKM |
| Modifying agency |
DLC |
| -- |
BAKER |
| -- |
BTCTA |
| -- |
BWKUK |
| -- |
YDXCP |
| -- |
WUL |
| -- |
IG# |
| -- |
GEBAY |
| -- |
CDX |
| 015 ## - NATIONAL BIBLIOGRAPHY NUMBER |
| National bibliography number |
GBA6A2282 |
| Source |
bnb |
| 016 7# - NATIONAL BIBLIOGRAPHIC AGENCY CONTROL NUMBER |
| Record control number |
013618708 |
| Source |
Uk |
| 019 ## - |
| -- |
171140630 |
| 020 ## - INTERNATIONAL STANDARD BOOK NUMBER |
| International Standard Book Number |
9780521835749 (hbk.) |
| 020 ## - INTERNATIONAL STANDARD BOOK NUMBER |
| International Standard Book Number |
0521835747 (hbk.) |
| 020 ## - INTERNATIONAL STANDARD BOOK NUMBER |
| International Standard Book Number |
0511273568 |
| 020 ## - INTERNATIONAL STANDARD BOOK NUMBER |
| International Standard Book Number |
9780511273568 |
| 029 1# - (OCLC) |
| OCLC library identifier |
NLGGC |
| System control number |
301083886 |
| 029 1# - (OCLC) |
| OCLC library identifier |
AU@ |
| System control number |
000041899107 |
| 029 1# - (OCLC) |
| OCLC library identifier |
NZ1 |
| System control number |
11149114 |
| 029 1# - (OCLC) |
| OCLC library identifier |
IG# |
| System control number |
9780521835749 |
| 029 1# - (OCLC) |
| OCLC library identifier |
GEBAY |
| System control number |
9762432 |
| 029 1# - (OCLC) |
| OCLC library identifier |
CDX |
| System control number |
5471023 |
| 035 ## - SYSTEM CONTROL NUMBER |
| System control number |
(OCoLC)76935898 |
| Canceled/invalid control number |
(OCoLC)171140630 |
| 042 ## - AUTHENTICATION CODE |
| Authentication code |
lccopycat |
| 050 00 - LIBRARY OF CONGRESS CALL NUMBER |
| Classification number |
K3247 |
| Item number |
.X36 2007 |
| 082 04 - DEWEY DECIMAL CLASSIFICATION NUMBER |
| Classification number |
341.4852 |
| Edition number |
22 |
| 049 ## - LOCAL HOLDINGS (OCLC) |
| Holding library |
SZTA |
| 100 1# - MAIN ENTRY--PERSONAL NAME |
| Personal name |
Xanthaki, Alexandra. |
| 245 10 - TITLE STATEMENT |
| Title |
Indigenous rights and United Nations standards : |
| Remainder of title |
self-determination, culture and land / |
| Statement of responsibility, etc |
Alexandra Xanthaki. |
| 260 ## - PUBLICATION, DISTRIBUTION, ETC. (IMPRINT) |
| Place of publication, distribution, etc |
Cambridge, UK ; |
| -- |
New York : |
| Name of publisher, distributor, etc |
Cambridge University Press, |
| Date of publication, distribution, etc |
2007. |
| 300 ## - PHYSICAL DESCRIPTION |
| Extent |
xxxix, 314 p. ; |
| Dimensions |
24 cm. |
| 490 1# - SERIES STATEMENT |
| Series statement |
Cambridge studies in international and comparative law |
| 504 ## - BIBLIOGRAPHY, ETC. NOTE |
| Bibliography, etc |
Includes bibliographical references (p. 286-305) and index. |
| 650 #0 - SUBJECT ADDED ENTRY--TOPICAL TERM |
| Topical term or geographic name as entry element |
Indigenous peoples |
| General subdivision |
Civil rights. |
| 610 27 - SUBJECT ADDED ENTRY--CORPORATE NAME |
| Corporate name or jurisdiction name as entry element |
Vereinte Nationen |
| Source of heading or term |
swd |
| 650 07 - SUBJECT ADDED ENTRY--TOPICAL TERM |
| Topical term or geographic name as entry element |
Ureinwohner |
| Source of heading or term |
swd |
| 650 07 - SUBJECT ADDED ENTRY--TOPICAL TERM |
| Topical term or geographic name as entry element |
Bürgerrecht |
| Source of heading or term |
swd |
| 650 07 - SUBJECT ADDED ENTRY--TOPICAL TERM |
| Topical term or geographic name as entry element |
Rechtsstatus |
| Source of heading or term |
swd |
| 830 #0 - SERIES ADDED ENTRY--UNIFORM TITLE |
| Uniform title |
Cambridge studies in international and comparative law (Cambridge, England : 1996) |
| 856 42 - ELECTRONIC LOCATION AND ACCESS |
| Materials specified |
Contributor biographical information |
| Uniform Resource Identifier |
<a href="http://www.loc.gov/catdir/enhancements/fy0803/2007310262-b.html">http://www.loc.gov/catdir/enhancements/fy0803/2007310262-b.html</a> |
| 856 42 - ELECTRONIC LOCATION AND ACCESS |
| Materials specified |
Publisher description |
| Uniform Resource Identifier |
<a href="http://www.loc.gov/catdir/enhancements/fy0803/2007310262-d.html">http://www.loc.gov/catdir/enhancements/fy0803/2007310262-d.html</a> |
| 856 41 - ELECTRONIC LOCATION AND ACCESS |
| Materials specified |
Table of contents only |
| Uniform Resource Identifier |
<a href="http://www.loc.gov/catdir/enhancements/fy0803/2007310262-t.html">http://www.loc.gov/catdir/enhancements/fy0803/2007310262-t.html</a> |
| 938 ## - |
| -- |
Baker & Taylor |
| -- |
BKTY |
| -- |
105.00 |
| -- |
105.00 |
| -- |
0521835747 |
| -- |
0006904899 |
| -- |
active |
| 938 ## - |
| -- |
YBP Library Services |
| -- |
YANK |
| -- |
2445646 |
| 938 ## - |
| -- |
Baker and Taylor |
| -- |
BTCP |
| -- |
2007310262 |
| 938 ## - |
| -- |
Ingram |
| -- |
INGR |
| -- |
9780521835749 |
| 938 ## - |
| -- |
Coutts Information Services |
| -- |
COUT |
| -- |
5471023 |
| 994 ## - |
| -- |
C0 |
| -- |
SZT |